000
00321nam a22001337a 4500
008
181008b xxu||||| |||| 00| 0 eng d
020
_a
9780230618909
041
_a
eng
080
_a
321
100
_a
20
101
_a
POL
245
_a
Africa In Global Politics Twenty First Cebtury
_c
Abegurin.o
942
_2
udc
_c
BK
999
_c
49037
_d
49037